| 000 | 00995nam a2200289 a 4500 | ||
|---|---|---|---|
| 001 | 34518 | ||
| 003 | BD-RjUL | ||
| 005 | 20211209052155.0 | ||
| 008 | 121220r20092006ii b 001 0 eng d | ||
| 020 | _a9781420053036 | ||
| 020 | _a9788173715600 | ||
| 020 | _a1420053035 | ||
| 029 | 1 |
_aNLGGC _b298903660 |
|
| 035 | _a(BD-RjUL)34612 | ||
| 040 |
_aBTCTA _cBTCTA _dYDXCP _dBAKER _dEMU _dMYG _dBD-RjUL _beng |
||
| 041 | _aeng | ||
| 082 |
_222 _a530.15 _bJOM 2009 |
||
| 100 | 1 |
_aJoglekar, S. D. _9114671 |
|
| 245 | 1 | 0 |
_aMathematical physics : _badvanced topics / _cS.D. Joglekar. |
| 260 |
_aHyderabad, India : _bUniversities Press (India) ; _aBoca Raton, FL : _bDistributed in the rest of the world by CRC Press, _cc2006 [Reprinted 2009] |
||
| 300 |
_aviii, 253 p. ; _c24 cm. |
||
| 500 | _aCompanion volume: Mathematical physics: the basics. | ||
| 504 | _aIncludes bibliographical references and index. | ||
| 650 | 0 |
_aMathematical physics. _9114672 |
|
| 942 |
_2ddc _cBK |
||
| 999 |
_c34518 _d34518 |
||